Advances in cement analysis and concrete petrography /

"Contains peer-reviewed papers that were presented at a symposium held June 27, 2018, in San Diego, California, USA. The symposium was sponsored by ASTM International Committee C01 on Cement and Subcommittee C01.23 on Compositional Analysis."

Bibliographic Details
Corporate Author: Knovel (Firm)
Other Authors: Cong, Derek (Editor), Broton, Don (Editor)
Format: eBook
Language:English
Published: West Conshohocken, PA : ASTM International, [2019]
Series:Selected technical papers (ASTM International) ; STP1613
Subjects:
Online Access:Connect to the full text of this electronic book

MARC

Tag First Indicator Second Indicator Subfields
LEADER 00000cam a22000008i 4500
001 in00004639021
006 m o d
007 cr |||||||||||
008 181029s2019 pau ob 001 0 eng
005 20230110224301.8
010 |a  2018051744 
035 |a (OCoLC)on1060182369 
040 |a DLC  |b eng  |e rda  |c DLC  |d OCLCO  |d OCLCF  |d CUS  |d ASTMI  |d OCLCO 
020 |a 9780803176720  |q (ebook) 
020 |a 0803176724 
020 |z 9780803176713 (pbk.) 
035 |a (OCoLC)1060182369 
042 |a pcc 
050 1 0 |a TA435 
082 0 0 |a 624.1/8330287  |2 23 
049 |a TXAM 
245 0 0 |a Advances in cement analysis and concrete petrography /  |c editors, Derek Cong, Don Broton. 
263 |a 1902 
264 1 |a West Conshohocken, PA :  |b ASTM International,  |c [2019] 
300 |a 1 online resource. 
336 |a text  |b txt  |2 rdacontent 
337 |a computer  |b c  |2 rdamedia 
338 |a online resource  |b cr  |2 rdacarrier 
490 0 |a Selected technical papers (ASTM International) ;  |v STP1613 
504 |a Includes bibliographical references and index. 
588 |a Description based on print version record and CIP data provided by publisher; resource not viewed. 
520 |a "Contains peer-reviewed papers that were presented at a symposium held June 27, 2018, in San Diego, California, USA. The symposium was sponsored by ASTM International Committee C01 on Cement and Subcommittee C01.23 on Compositional Analysis." 
650 0 |a Concrete  |x Analysis. 
650 0 |a Concrete  |x Defects. 
650 0 |a Cement  |x Additives. 
650 0 |a Petrology. 
650 6 |a Béton  |x Défauts. 
650 6 |a Ciment  |x Adjuvants. 
650 6 |a Pétrologie. 
650 7 |a petrology.  |2 aat 
650 7 |a Cement  |x Additives.  |2 fast  |0 (OCoLC)fst00850433 
650 7 |a Concrete  |x Analysis.  |2 fast  |0 (OCoLC)fst00874134 
650 7 |a Concrete  |x Defects.  |2 fast  |0 (OCoLC)fst00874157 
650 7 |a Petrology.  |2 fast  |0 (OCoLC)fst01059885 
655 7 |a Electronic books.  |2 local 
700 1 |a Cong, Derek,  |e editor. 
700 1 |a Broton, Don,  |e editor. 
710 2 |a Knovel (Firm) 
776 0 8 |i Print version:  |t Advances in cement analysis and concrete petrography  |d West Conshohocken, PA : ASTM International, [2019]  |z 9780803176713  |w (DLC) 2018051138 
856 4 0 |u http://proxy.library.tamu.edu/login?url=https://app.knovel.com/hotlink/toc/id:kpACACP00J/advances-in-cement?kpromoter=marc  |z Connect to the full text of this electronic book  |t 0 
955 |a Knovel ebooks 
994 |a 92  |b TXA 
999 f f |s 9b9db570-d656-4d03-b9f3-9732cd5cce5c  |i a42b338b-0213-432c-9f8d-55201eb6ed99  |t 0 
952 f f |a Texas A&M University  |b College Station  |c Electronic Resources  |d Available Online  |t 0  |e TA435   |h Library of Congress classification 
998 f f |a TA435   |t 0  |l Available Online